Visualizzazione normale
Vista MARC
- Musorgskij Modest
di Personal Name
Records bibliografici associati: 1
001 - CONTROL NUMBER
- control field: 9679
003 - CONTROL NUMBER IDENTIFIER
- control field: IT-RoPau
005 - DATE AND TIME OF LATEST TRANSACTION
- control field: 20140119205010.0
008 - FIXED-LENGTH DATA ELEMENTS
- fixed length control field: 140119|| aca||aabn | a|a d
040 ## - CATALOGING SOURCE
- Original cataloging agency: IT-RoPau
- Transcribing agency: IT-RoPau
100 ## - HEADING--PERSONAL NAME
- Personal name: Musorgskij Modest
670 ## - SOURCE DATA FOUND
- Source citation: Work cat.: (IT-RoPau)102970: Musorgskij Modest, A Night On the Bare Mountain (Una notte sul monte Calvo)